Religion Quiz

Random Religion or Quote Quiz

Who Said It in the Bible? Quiz Stats

Quiz Updated Aug 15, 2012

Challenge
Share
Tweet
Embed
Score 0/20 Timer 04:00
0 Plays Today
Quotes Speaker % Correct
'Where are you?'
'What is this that you have done?'
'Who told you that you were naked?'
God
81.4%
'He who is coming after me is mightier than I.'
'Every tree that does not bear good fruit is cut down and thrown into the fire.'
John the Baptist
71.7%
' I am not ashamed of the gospel'
'I have fought the good fight, I have finished the race..'
Paul
71.3%
'The spirit is willing but the body is weak.'
'Before Abraham was born, I am.'
'It is more blessed to give than to receive.'
Jesus Christ
71.2%
'Lord, if it's you..tell me to come to you...'
'You are the Christ, the Son of the Living God.'
Simon Peter
69.9%
'Let us go also that we may die with him.'
'Unless I see...I will not believe it.'
'My Lord and my God!'
Thomas
68.3%
'You surely will not die! For God knows that in the day you eat from it your eyes will be opened..and you will be like God.'Serpent
66.5%
'Am I a Jew?'
'What is truth?'
'Why, what crime has he committed?'
Pontius Pilate
64.5%
'Please listen to this dream which I have had'
'You meant it to me for evil, but God meant it for good...'
Joseph
62.6%
'I will go over and see this strange sight..'
''I am slow of speech and tongue.'
'The Lord will fight for you; you need only to be still.'
Moses
61.4%
Quotes Speaker % Correct
'Don't you fear God? We are getting what our deeds deserve but this man has done nothing wrong. Jesus, remember me..'Thief on the cross
58.6%
' You hurled me into the deep..all your waves and breakers swept over me.'
'I knew that You were a gracious and compassionate God, slow to anger and abounding in love.'
Jonah
57.6%
'The Lord who delivered me from... the lion and.. the bear will deliver me...'
'You come to me with a sword and a spear ... but I come to you in the name of the Lord of Hosts..
David
56.3%
'Does Job fear God for nothing?'
'Stretch out your hand and strike his flesh and bones and he will surely curse you to your face.'
Satan
56.2%
'Will you indeed sweep away the righteous with the wicked?'
'She is my sister.'
'God will provide for Himself the lamb...'
Abraham
55.7%
'Beloved, let us love one another..'
'God is love.'
'I was in the Spirit on the Lord's day...'
John
49.7%
'...Test your servants for 10 days and let us be given...vegetables to eat and water to drink.'
'And behold, ..One like a Son of Man was coming...'
Daniel
43.4%
'At the beginning of your supplications the command was given, and I have come to tell you...'
'Greetings, favored one! The Lord is with you.'
Gabriel
42.5%
'I am the Lord's servant'
'My soul glorifies the Lord...the Mighty One has done great things for me.'
'Whatever He says to you, do it.'
Mary
41.5%
'Who is the Lord that I should obey His voice?'
'Up! Leave my people...Go, worship the Lord..take your flocks and herds and go'
Pharaoh
36.6%

You're not logged in!

Compare scores with friends on all Sporcle quizzes.
Join for Free
OR
Log In

You Might Also Like...

Show Comments

Extras

Top Quizzes Today


Score Distribution

Your Account Isn't Verified!

In order to create a playlist on Sporcle, you need to verify the email address you used during registration. Go to your Sporcle Settings to finish the process.

Report this User

Report this user for behavior that violates our Community Guidelines.

Details: